000 nam a22 7a 4500
999 _c16214
_d16214
008 161109b xxu||||| |||| 00| 0 eng d
020 _a9781269295758
020 _a1269295756
050 _aM 1620 .M87 2014
100 _aExercises, Sight-Singing
245 _aPearson custom library music :
_bSight-Singing Exercises musicianship I (Mus 145-L)/
_cSight-Singing Exercises,
260 _bPearson,
_c2014.
300 _a101p. :
650 _aMusic.
942 _2lcc
_cBOOKS
_hM 1620 .M87 2014